000 00204nam a2200097Ia 4500
008 240331s9999 xx 000 0 und d
082 _bMAN
100 _aManogaran,K
245 0 _aWaralattru porr
942 _cL
999 _c4601
_d4601